[Event "14th HZ Open"]
[Site "Vlissingen NED"]
[Date "2010.08.09"]
[Round "4"]
[White "Hoffman,Ro"]
[Black "Thanabalasingam,A"]
[Result "1/2-1/2"]
[WhiteElo "2128"]
[BlackElo "1940"]
[EventDate "2010.08.07"]

1. d4 Nf6 2. c4 g6 3. Nc3 d5 4. Nf3 Bg7 5. cxd5 Nxd5 6. Bg5 c5 7. Rc1 Nc6
8. Nxd5 Qxd5 9. Rxc5 Qxa2 10. e3 Qxb2 11. Bc4 Qb4+ 12. Nd2 O-O 13. O-O a6
14. Qc2 Bf5 15. Bd3 Bxd3 16. Qxd3 Rfd8 17. Qc2 Bxd4 18. exd4 Nxd4 19. Qc4
Qxc4 20. Rxc4 b5 21. Rb4 a5 22. Rb2 f6 23. Be3 Ne2+ 24. Kh1 Nc3 25. Nb1
Nxb1 26. Rfxb1 b4 27. Ra1 Rd5 28. Rxb4 axb4 29. Rxa8+ Kf7 30. g3 Rb5 31.
Kg2 b3 32. Ra1 h5 33. Kf3 f5 34. h4 e5 35. Ke2 Ke6 36. Kd3 Kd5 37. Rb1 b2
38. Bd2 Rb3+ 39. Kc2 Rf3 40. Be1 f4 41. Rxb2 fxg3 42. fxg3 Ke4 43. Rb4+ Kf5
44. Kd2 g5 45. hxg5 Kxg5 46. Ke2 Ra3 47. Bd2+ Kf5 48. Rh4 Rxg3 49. Rxh5+
Ke4 50. Bg5 Rg2+ 51. Kf1 Ra2 52. Bf6 Ra5 53. Kg2 Kf4 54. Kh3 Ra3+ 55. Kg2
Ra2+ 56. Kf1 Ra5 57. Ke2 Ra2+ 58. Kd1 Ra1+ 59. Kc2 Ra2+ 60. Kb3 Re2 61. Kc3
e4 62. Bd4 Rg2 1/2-1/2

[Event "14th HZ Open"]
[Site "Vlissingen NED"]
[Date "2010.08.09"]
[Round "4"]
[White "Warnk,T"]
[Black "Rosmuller,A"]
[Result "0-1"]
[WhiteElo "1939"]
[BlackElo "2117"]
[EventDate "2010.08.07"]

1. d4 c6 2. Nf3 f5 3. g3 Nf6 4. Bg2 g6 5. O-O Bg7 6. c4 d5 7. Qb3 O-O 8.
Nc3 e6 9. Bg5 h6 10. Bf4 Nbd7 11. Ne5 g5 12. Bd2 Nxe5 13. dxe5 Ng4 14. f4
gxf4 15. gxf4 dxc4 16. Qc2 Qd4+ 17. e3 Nxe3 18. Bxe3 Qxe3+ 19. Kh1 b5 20.
Bxc6 Rb8 21. Qg2 Rf7 22. Rf3 Qc5 23. Rg3 Qxc6 24. Qxc6 Bb7 25. Qxb7 Rbxb7
26. Rd1 Rfc7 27. Rd6 Kf7 28. Rg1 Bf8 29. Rd8 b4 30. Ne2 c3 31. b3 Rd7 32.
Rc8 Rbc7 33. Rb8 Rd2 34. Nc1 Rcd7 35. Rc8 Rf2 36. Rc4 Be7 37. Re1 Rdd2 38.
h3 Bh4 39. Rc7+ Ke8 0-1

[Event "14th HZ Open"]
[Site "Vlissingen NED"]
[Date "2010.08.09"]
[Round "4"]
[White "Stange,S"]
[Black "Van de Braak,Joey"]
[Result "1/2-1/2"]
[WhiteElo "2116"]
[BlackElo "1937"]
[EventDate "2010.08.07"]

1. d4 d5 2. c4 e5 3. cxd5 Qxd5 4. dxe5 Qxe5 5. Nc3 Bb4 6. Nf3 Bxc3+ 7. bxc3
Qxc3+ 8. Bd2 Qa3 9. e4 Nf6 10. Qb1 Qe7 11. Bd3 O-O 12. O-O Nc6 13. Re1 h6
14. Qb3 Rd8 15. Rac1 Bg4 16. Qxb7 Rab8 17. Qxc6 Rxd3 18. Be3 Rb2 19. a4 Qa3
20. Ne5 Rxe3 21. Rxe3 Qa2 22. Nd3 Rd2 23. Qc4 Qxc4 24. Rxc4 Be2 25. Rxe2
Rxe2 26. f3 Ra2 27. g4 Ne8 28. Ne5 f6 29. Nc6 a6 30. Nb8 a5 31. Nc6 Nd6 32.
Rd4 Nb7 33. h4 Nc5 34. Rd8+ Kh7 35. Rc8 Rxa4 36. Rxc7 Ra1+ 37. Kg2 a4 38.
Ne7 Ne6 39. Ra7 a3 40. Nd5 Kg8 41. h5 Ng5 42. Ne7+ Kf8 43. Ng6+ Ke8 44. f4
Ra2+ 45. Kf1 Ra1+ 46. Kg2 Ra2+ 47. Kf1 1/2-1/2

[Event "14th HZ Open"]
[Site "Vlissingen NED"]
[Date "2010.08.09"]
[Round "4"]
[White "Gunther,M"]
[Black "Van de Wynkele,E"]
[Result "0-1"]
[WhiteElo "1879"]
[BlackElo "2113"]
[EventDate "2010.08.07"]

1. e4 Nf6 2. e5 Nd5 3. d4 d6 4. Nf3 dxe5 5. Nxe5 c6 6. Be2 Nd7 7. Nf3 g6 8.
O-O Bg7 9. c4 Nc7 10. Nc3 O-O 11. Be3 b6 12. Qd2 Re8 13. Rad1 Bb7 14. Bh6
Bh8 15. Ne4 Nf6 16. Neg5 Bg7 17. Ne5 Bxh6 18. Nexf7 Bxg5 19. Nxg5 Qd6 20.
f4 h6 21. Qc2 Kg7 22. Ne4 Nxe4 23. Qxe4 Qe6 24. Qf3 Rf8 25. Bd3 Qf6 26. Qe4
Rad8 27. Bc2 Bc8 28. Qe3 Bf5 29. Bxf5 gxf5 30. Rfe1 Rd7 31. Rd3 Rfd8 32.
Red1 Ne6 33. d5 Nc5 34. R3d2 Ne4 35. Rd4 cxd5 36. Rxd5 Rxd5 37. cxd5 Qxb2
0-1

[Event "14th HZ Open"]
[Site "Vlissingen NED"]
[Date "2010.08.09"]
[Round "4"]
[White "Foo,Be"]
[Black "Verhoef,Ha"]
[Result "1-0"]
[WhiteElo "2112"]
[BlackElo "1930"]
[EventDate "2010.08.07"]

1. e4 c5 2. Nf3 g6 3. d4 cxd4 4. c3 Bg7 5. cxd4 d5 6. e5 Nc6 7. Nc3 Bg4 8.
Be2 Bxf3 9. Bxf3 e6 10. O-O Qb6 11. Be3 Nge7 12. Na4 Qc7 13. Rc1 O-O 14.
Qd2 Rfc8 15. b4 a6 16. g4 Re8 17. Be2 Nc8 18. Bg5 b5 19. Nc5 Nb6 20. Nxa6
Rxa6 21. Bxb5 Nc4 22. Rxc4 dxc4 23. Bxa6 Qb6 24. Bxc4 Nxd4 25. Qe3 Bxe5 26.
Kg2 f6 27. b5 Qb7+ 28. f3 Nc2 29. Qd3 Nb4 30. Qe2 Qc7 31. f4 Qb7+ 32. Rf3
Qc8 33. Bh6 Bd4 34. f5 Nd5 35. fxg6 hxg6 36. Qd3 1-0

[Event "14th HZ Open"]
[Site "Vlissingen NED"]
[Date "2010.08.09"]
[Round "4"]
[White "Eng,A"]
[Black "De Vleeschauwer,M"]
[Result "1/2-1/2"]
[WhiteElo "2086"]
[BlackElo "1846"]
[EventDate "2010.08.07"]

1. e4 e6 2. d4 d5 3. Nc3 Nf6 4. Bg5 dxe4 5. Nxe4 Be7 6. Bxf6 Bxf6 7. c3 Bd7
8. Bd3 Bc6 9. Nf3 Nd7 10. O-O Be7 11. Qc2 h6 12. Rad1 Nf6 13. Ne5 Nxe4 14.
Nxc6 bxc6 15. Bxe4 O-O 16. Bxc6 Rb8 17. f4 Qd6 18. Be4 c5 19. Kh1 cxd4 20.
Rxd4 Qb6 21. b3 Rfe8 22. Rd3 Bf6 23. Rh3 Qa5 24. Rff3 Red8 25. g4 Rd6 26.
Rh5 Qd8 27. Rf2 Rc8 28. c4 Bh4 29. Re2 Rd1+ 30. Kg2 Qd4 31. Rxh4 Qg1+ 32.
Kh3 Rcd8 33. Rg2 Qf1 34. Qf2 R8d3+ 35. Bxd3 Rxd3+ 36. Qg3 Rxg3+ 37. Kxg3
Qe1+ 38. Rf2 Qg1+ 39. Kf3 Qh1+ 40. Ke3 Qe1+ 41. Kf3 Qh1+ 42. Ke2 Qe4+ 43.
Kd2 Qd4+ 44. Ke2 Qe4+ 45. Kf1 Qh1+ 46. Ke2 Qe4+ 1/2-1/2

[Event "14th HZ Open"]
[Site "Vlissingen NED"]
[Date "2010.08.09"]
[Round "4"]
[White "Willemsma,A"]
[Black "De Jong,M"]
[Result "1-0"]
[WhiteElo "2075"]
[BlackElo "2358"]
[EventDate "2010.08.07"]

1. e4 d5 2. exd5 Qxd5 3. Nc3 Qa5 4. d4 Nf6 5. Nf3 c6 6. Bc4 Bf5 7. Bd2 e6
8. Nd5 Qd8 9. Nxf6+ gxf6 10. Bb3 Nd7 11. Nh4 Bg6 12. Qe2 Qc7 13. O-O-O
O-O-O 14. g3 e5 15. f4 exf4 16. gxf4 f5 17. d5 Nc5 18. dxc6 Qxc6 19. Bc3
Rg8 20. Rxd8+ Kxd8 21. Rd1+ Kc8 22. Bd5 Qa4 23. Nxg6 Rxg6 24. Bxf7 Rh6 25.
Kb1 Ne4 26. Be5 Be7 27. Bb3 Qc6 28. Bd5 Qa4 29. Qg2 Rg6 30. Be6+ Rxe6 31.
Qg8+ 1-0

[Event "14th HZ Open"]
[Site "Vlissingen NED"]
[Date "2010.08.10"]
[Round "5"]
[White "L'Ami,E"]
[Black "Zaragatski,I"]
[Result "1-0"]
[WhiteElo "2620"]
[BlackElo "2472"]
[EventDate "2010.08.07"]

1. Nf3 Nf6 2. c4 c5 3. g3 b6 4. Bg2 Bb7 5. O-O e6 6. Nc3 Be7 7. d4 cxd4 8.
Qxd4 d6 9. Rd1 a6 10. Bg5 Nbd7 11. Qd2 O-O 12. Rac1 Qc7 13. Bf4 Ne8 14. b3
Rd8 15. Qe3 Ndf6 16. Bh3 Qc5 17. Qxc5 bxc5 18. Bg2 h6 19. Ne1 Bxg2 20. Kxg2
g5 21. Bd2 Nd7 22. Nd3 f5 23. f4 g4 24. e4 fxe4 25. Nxe4 Ng7 26. Ba5 Rc8
27. Re1 Kf7 28. Ndf2 h5 29. h3 d5 30. cxd5 exd5 31. Rcd1 gxh3+ 32. Nxh3 d4
33. Neg5+ Bxg5 34. Nxg5+ Kg6 35. Ne6 Rfe8 36. Nxg7 Kxg7 37. Kf3 Nf6 38. Bd2
Kg6 39. Rc1 Rxe1 40. Bxe1 Kf5 41. Bf2 d3 42. Rc3 d2 43. Rd3 c4 44. bxc4
Rxc4 45. Rxd2 Rc3+ 46. Kg2 h4 47. gxh4 Ne4 48. Re2 Kxf4 49. Be1 Rd3 50. Rb2
Rd1 51. Ba5 Rd7 52. Be1 Rd1 53. Kf1 Ng3+ 54. Kf2 Ne4+ 55. Ke2 Rd6 56. Rb4
Rc6 57. Ra4 Kf5 58. Kf3 Re6 59. Ra5+ Kg6 60. Bb4 Nf6 61. Rg5+ Kf7 62. h5
Re4 63. Bc3 Rh4 64. Bxf6 Kxf6 65. Ra5 Ke7 66. Kg3 Rh1 67. Kg4 Rg1+ 68. Kf5
Rf1+ 69. Kg6 Rf6+ 70. Kg5 Rc6 71. Re5+ Kf7 72. a4 Rc4 73. a5 Rc1 74. Rf5+
Kg7 75. h6+ Kg8 76. Rf6 Rc5+ 77. Kg6 Rc8 78. Rxa6 Kh8 79. Rb6 Ra8 80. a6
Rc8 1-0

[Event "14th HZ Open"]
[Site "Vlissingen NED"]
[Date "2010.08.10"]
[Round "5"]
[White "Ikonnikov,Vy"]
[Black "Erdos,V"]
[Result "1-0"]
[WhiteElo "2578"]
[BlackElo "2592"]
[EventDate "2010.08.07"]

1. d4 d5 2. Nf3 Nf6 3. c4 c6 4. Nc3 dxc4 5. a4 Bf5 6. e3 e6 7. Bxc4 Bb4 8.
O-O O-O 9. Qe2 Ne4 10. Bd3 Bxc3 11. Bxe4 Bxe4 12. bxc3 c5 13. Ne5 b6 14.
Rd1 Qc7 15. f3 Bb7 16. e4 Nc6 17. Nxc6 Bxc6 18. d5 exd5 19. exd5 Rfe8 20.
Qc4 Bd7 21. Bf4 Qd8 22. Bg3 Qf6 23. Re1 h6 24. a5 Rac8 25. axb6 axb6 26.
Rxe8+ Rxe8 27. Ra7 Qf5 28. h4 Re3 29. Kh2 Kh7 30. Qf4 Rxc3 31. Qxf5+ Bxf5
32. Rxf7 Kg6 33. Rb7 Re3 34. Rxb6+ Kf7 35. Rc6 g5 36. Rxc5 g4 37. Bf4 Re2
38. Kg3 gxf3 39. Kxf3 Re8 40. g4 Be4+ 41. Kg3 h5 42. Bg5 hxg4 43. Rc7+ Kg6
44. d6 1-0

[Event "14th HZ Open"]
[Site "Vlissingen NED"]
[Date "2010.08.10"]
[Round "5"]
[White "Pruijssers,R"]
[Black "Nijboer,F"]
[Result "1/2-1/2"]
[WhiteElo "2462"]
[BlackElo "2582"]
[EventDate "2010.08.07"]

1. e4 c5 2. Nf3 Nc6 3. d4 cxd4 4. Nxd4 Nf6 5. Nc3 e5 6. Ndb5 d6 7. Bg5 a6
8. Na3 b5 9. Bxf6 gxf6 10. Nd5 f5 11. Bd3 Be6 12. c3 Bxd5 13. exd5 Ne7 14.
Nc2 Bg7 15. O-O e4 16. Be2 O-O 17. Qd2 Rc8 18. g3 Rc5 19. Ne3 Bh6 20. f4
exf3 21. Bxf3 Nxd5 22. Bxd5 Bxe3+ 23. Qxe3 Rxd5 24. Rad1 Re8 25. Qxe8+ Qxe8
1/2-1/2

[Event "14th HZ Open"]
[Site "Vlissingen NED"]
[Date "2010.08.10"]
[Round "5"]
[White "Van den Doel,E"]
[Black "Kohlweyer,B"]
[Result "0-1"]
[WhiteElo "2591"]
[BlackElo "2436"]
[EventDate "2010.08.07"]

1. e4 c5 2. Nc3 d6 3. Nf3 Nf6 4. d4 cxd4 5. Nxd4 a6 6. Be3 e6 7. g4 e5 8.
Nf5 h5 9. gxh5 d5 10. Bg5 d4 11. Bxf6 gxf6 12. Ne2 Bxf5 13. exf5 Rxh5 14.
Bg2 Qb6 15. h4 Nc6 16. Nf4 Rxf5 17. Nd3 Nb4 18. Be4 Nxd3+ 19. cxd3 Rf4 20.
Qa4+ Kd8 21. Qb3 Bb4+ 22. Ke2 f5 23. Bd5 e4 24. Rag1 Qd6 25. Rg2 Rc8 26. a3
Rc5 27. Qxb4 Qxd5 28. Rg8+ Kc7 0-1

[Event "14th HZ Open"]
[Site "Vlissingen NED"]
[Date "2010.08.10"]
[Round "5"]
[White "Hoffmann,Micha1"]
[Black "Guidarelli,L"]
[Result "1/2-1/2"]
[WhiteElo "2517"]
[BlackElo "2433"]
[EventDate "2010.08.07"]

1. d4 Nf6 2. c4 c5 3. d5 b5 4. Nf3 Bb7 5. Qc2 e6 6. e4 bxc4 7. Bxc4 exd5 8.
exd5 d6 9. O-O Be7 10. Re1 O-O 11. Qb3 Ba6 12. Nc3 Bxc4 13. Qxc4 Nbd7 14.
Bf4 Re8 15. b3 Qb6 16. h3 Bf8 17. Red1 a6 18. Qd3 Qb4 19. Bg3 Qb7 20. Nd2
Ne5 21. Bxe5 Rxe5 22. Nc4 Ree8 23. Rab1 Qe7 24. Rb2 Nh5 25. g3 Qg5 26. Qf3
f5 27. Rbb1 f4 28. g4 Nf6 29. Kh2 g6 30. Re1 Rxe1 31. Rxe1 Re8 32. Re6 Rxe6
33. dxe6 d5 34. Nb6 d4 35. Ne4 Nxe4 36. Qxe4 f3 37. Nc8 Be7 38. Nxe7+ Qxe7
39. Kg3 Kg7 40. Qe5+ Qf6 41. Qxc5 g5 42. Qc7+ Kh6 43. e7 Qe6 44. Kxf3 d3
45. Qd8 Qe2+ 46. Kg3 Qe5+ 47. Kg2 Qe4+ 48. Kh2 Qe5+ 1/2-1/2

[Event "14th HZ Open"]
[Site "Vlissingen NED"]
[Date "2010.08.10"]
[Round "5"]
[White "Brandenburg,D"]
[Black "Roeder,M"]
[Result "1-0"]
[WhiteElo "2514"]
[BlackElo "2392"]
[EventDate "2010.08.07"]

1. e4 c6 2. d4 d5 3. e5 Bf5 4. Nf3 e6 5. Be2 Nd7 6. O-O h6 7. b3 Bh7 8. c4
Ne7 9. Na3 Ng6 10. Nc2 Be7 11. Nfe1 O-O 12. f4 f6 13. Bg4 fxe5 14. Bxe6+
Kh8 15. fxe5 Rxf1+ 16. Kxf1 dxc4 17. bxc4 Ndxe5 18. Qe2 Qd6 19. Bh3 Nf7 20.
g3 Ng5 21. Bg2 Qd7 22. Kg1 Rf8 23. Bxg5 Bxg5 24. Rd1 Re8 25. Qh5 Nf8 26.
Qf3 Bf5 27. Qf2 b6 28. Nf3 Bf6 29. Ne3 Be4 30. Ne5 1-0

[Event "14th HZ Open"]
[Site "Vlissingen NED"]
[Date "2010.08.10"]
[Round "5"]
[White "Henrichs,T"]
[Black "Michalczak,T"]
[Result "1/2-1/2"]
[WhiteElo "2490"]
[BlackElo "2367"]
[EventDate "2010.08.07"]

1. c4 c5 2. Nf3 Nc6 3. Nc3 Nf6 4. d4 cxd4 5. Nxd4 e6 6. g3 Qb6 7. Ndb5 Ne5
8. Bf4 Nfg4 9. Qa4 g5 10. Bxe5 Qxf2+ 11. Kd1 Nxe5 12. Qa5 Ke7 13. Qc7 Bg7
14. Qd6+ Kd8 15. Qc7+ Ke7 1/2-1/2

[Event "14th HZ Open"]
[Site "Vlissingen NED"]
[Date "2010.08.10"]
[Round "5"]
[White "Burg,T"]
[Black "Kuipers,S"]
[Result "1-0"]
[WhiteElo "2449"]
[BlackElo "2354"]
[EventDate "2010.08.07"]

1. e4 c5 2. Nf3 Nc6 3. d4 cxd4 4. Nxd4 Nf6 5. Nc3 e5 6. Ndb5 d6 7. Bg5 a6
8. Na3 b5 9. Nd5 Be7 10. Bxf6 Bxf6 11. c4 O-O 12. cxb5 Nd4 13. b6 Bg5 14.
Bc4 Bb7 15. O-O Rb8 16. Qd3 Bxd5 17. Bxd5 Qxb6 18. Nc4 Qc5 19. b3 Kh8 20.
Kh1 f5 21. g3 fxe4 22. Qxe4 Nb5 23. Bb7 Rf7 24. Bxa6 Nc7 25. Qg4 Bf6 26.
Bc8 Qc6+ 27. Kg1 d5 28. Ne3 e4 29. Rac1 Qe8 30. Rxc7 Rxc7 31. Be6 d4 32.
Nd5 Rc2 33. Qxe4 Rxa2 34. Nxf6 gxf6 35. Qf4 Kg7 36. Qc7+ Kf8 37. Qd6+ Kg7
38. Qc7+ Kf8 39. Bc4 Rc8 40. Qxh7 Rxc4 41. bxc4 Qe2 42. Qf5 Rd2 43. Qxf6+
Ke8 44. Kg2 Rd1 45. Rxd1 Qxd1 46. Qf3 Qd2 47. Qe4+ Kd7 48. Qf5+ Ke7 49.
Qe5+ Kd7 50. c5 d3 51. Qd5+ Ke7 52. c6 Qc2 53. c7 d2 54. c8=Q d1=Q 55.
Qcd8+ 1-0

[Event "14th HZ Open"]
[Site "Vlissingen NED"]
[Date "2010.08.10"]
[Round "5"]
[White "Ten Hagen,Y"]
[Black "Fedorchuk,S"]
[Result "0-1"]
[WhiteElo "2227"]
[BlackElo "2665"]
[EventDate "2010.08.07"]

1. d4 Nf6 2. c4 e6 3. g3 c5 4. d5 exd5 5. cxd5 d6 6. Bg2 g6 7. Nc3 Bg7 8.
Nf3 O-O 9. O-O Nbd7 10. a4 a6 11. h3 Re8 12. Nd2 Rb8 13. Nc4 Ne5 14. Na3 h5
15. e4 c4 16. f4 Nd3 17. Nxc4 Nxc1 18. e5 dxe5 19. fxe5 b5 20. axb5 axb5
21. Nxb5 Rxb5 22. Rxc1 Nxd5 23. Nd6 Ne3 24. Qf3 Bf5 25. Nxe8 Bxe5 26. Qxe3
Bd4 27. Qxd4 Qxd4+ 28. Kh1 Rxb2 29. Rcd1 Qe5 30. Rd8 Qe2 31. Rg1 Bxh3 32.
Bxh3 Qh2+ 0-1

[Event "14th HZ Open"]
[Site "Vlissingen NED"]
[Date "2010.08.10"]
[Round "5"]
[White "In 't Veld,D"]
[Black "Bosboom,M"]
[Result "1/2-1/2"]
[WhiteElo "2205"]
[BlackElo "2455"]
[EventDate "2010.08.07"]

1. e4 c5 2. Nf3 d6 3. d4 cxd4 4. Nxd4 Nf6 5. Nc3 a6 6. Be3 e6 7. Be2 Qc7 8.
a4 b6 9. f4 Bb7 10. Bf3 Nbd7 11. Qe2 Rc8 12. O-O h5 13. Kh1 e5 14. fxe5
dxe5 15. Nb3 Bb4 16. Bd2 Bxc3 17. Bxc3 Qc4 18. Qf2 Qe6 19. a5 b5 20. Bb4
Rc4 21. c3 g5 22. Rad1 Rxb4 23. cxb4 Qxb3 24. Qa7 Bc8 25. Rc1 O-O 26. Qa8
g4 27. Rxc8 gxf3 28. gxf3 Qxb4 29. Qxa6 Qb3 30. Rxf8+ Kxf8 31. Qb7 Qd3 32.
Kg1 Qe3+ 33. Rf2 Nc5 34. Qb6 Qg5+ 35. Kh1 Ne6 36. Qd6+ Ke8 37. Rc2 Nd7 38.
Rc8+ Nd8 39. Rc7 Nf8 40. a6 Nfe6 41. Rc8 Qe3 42. Qxe5 Qxf3+ 43. Kg1 Qe3+
44. Kh1 Qe2 45. Kg1 h4 46. Rb8 Qe3+ 47. Kf1 Qf3+ 1/2-1/2

[Event "14th HZ Open"]
[Site "Vlissingen NED"]
[Date "2010.08.10"]
[Round "5"]
[White "Verduyn,F"]
[Black "Bitalzadeh,A"]
[Result "0-1"]
[WhiteElo "2195"]
[BlackElo "2415"]
[EventDate "2010.08.07"]

1. Nf3 Nf6 2. c4 g6 3. d4 Bg7 4. g3 O-O 5. Bg2 d6 6. Nc3 Nbd7 7. O-O e5 8.
e4 a6 9. Re1 exd4 10. Nxd4 Ng4 11. Qxg4 Bxd4 12. Qd1 Bg7 13. f4 Rb8 14. Be3
b5 15. cxb5 axb5 16. Ba7 b4 17. Bxb8 bxc3 18. Ba7 cxb2 19. Rb1 c5 20. Qxd6
Bd4+ 21. Kh1 Qa5 22. Bb8 Nxb8 23. Qxb8 c4 24. Qd6 Rd8 25. Qc6 c3 26. e5 Bf5
27. Be4 Bxe4+ 28. Qxe4 Qa8 0-1

[Event "14th HZ Open"]
[Site "Vlissingen NED"]
[Date "2010.08.10"]
[Round "5"]
[White "Leenhouts,K"]
[Black "Duchene,R"]
[Result "1-0"]
[WhiteElo "2407"]
[BlackElo "2204"]
[EventDate "2010.08.07"]

1. d4 d5 2. c4 c6 3. Nc3 Nf6 4. Nf3 e6 5. Bg5 Nbd7 6. e3 Qa5 7. Bxf6 Nxf6
8. Nd2 Be7 9. Bd3 O-O 10. O-O Qd8 11. Rc1 b6 12. Qe2 Bb7 13. cxd5 exd5 14.
Nf3 Bd6 15. Ba6 Qc8 16. Bxb7 Qxb7 17. e4 Bf4 18. Rc2 Nxe4 19. Nxe4 Rfe8 20.
Nf6+ gxf6 21. Qd3 Qd7 22. g3 Bg5 23. b4 Rac8 24. a4 Re4 25. Kg2 Rce8 26.
Ra1 h5 27. h4 Bh6 28. Qc3 Rc8 29. Qd3 Bf8 30. Nd2 Ree8 31. Qf3 Qg4 32.
Qxg4+ hxg4 33. Nf1 Bh6 34. Ra3 Re4 35. Rd3 Kf8 36. b5 Ke7 37. Rxc6 Rxc6 38.
bxc6 Kd6 39. Rc3 Kc7 40. Ne3 Rxd4 41. Nf5 Rc4 42. Rd3 Bf8 43. Rxd5 Rc5 44.
Rxc5 bxc5 45. h5 c4 46. Kf1 Kxc6 47. h6 Bxh6 48. Nxh6 Kc5 49. Ke2 Kb4 50.
Kd2 Kxa4 51. Kc3 Kb5 52. Nxf7 Kc5 53. Nh6 Kd5 54. Nxg4 f5 55. Ne3+ Ke4 56.
Nxf5 1-0

[Event "14th HZ Open"]
[Site "Vlissingen NED"]
[Date "2010.08.10"]
[Round "5"]
[White "Tan,Mat"]
[Black "Dek,L"]
[Result "1-0"]
[WhiteElo "2381"]
[BlackElo "2199"]
[EventDate "2010.08.07"]

1. e4 c5 2. Nf3 Nc6 3. d4 cxd4 4. Nxd4 Nf6 5. Nc3 e5 6. Ndb5 d6 7. Bg5 a6
8. Na3 b5 9. Nd5 Be7 10. Bxf6 Bxf6 11. c3 Bg5 12. Nc2 O-O 13. a4 bxa4 14.
Rxa4 a5 15. Bc4 Rb8 16. b3 Kh8 17. Nce3 Bxe3 18. Nxe3 Ne7 19. O-O f5 20.
exf5 Nxf5 21. Nxf5 Bxf5 22. Qd5 Rc8 23. Qxa5 Qf6 24. Qd5 Rc5 25. Qf3 e4 26.
Qe3 Rfc8 27. Ra6 Qe5 28. Qd4 Qxd4 29. cxd4 R5c6 30. Rxc6 Rxc6 31. Ra1 h6
32. Ra6 Bd7 33. Rxc6 Bxc6 34. d5 Bb7 35. Kf1 Kh7 36. Ke2 Kg6 37. Ke3 Kf5
38. Kd4 Kf4 39. b4 g5 40. b5 h5 41. b6 h4 42. Be2 h3 43. g3+ Kf5 44. Bf1 g4
45. Bb5 1-0

[Event "14th HZ Open"]
[Site "Vlissingen NED"]
[Date "2010.08.10"]
[Round "5"]
[White "De Jong,M"]
[Black "Wittenberg,A"]
[Result "1-0"]
[WhiteElo "2358"]
[BlackElo "2143"]
[EventDate "2010.08.07"]

1. e4 e6 2. d4 d5 3. Nc3 Nc6 4. e5 f6 5. Bb5 Bd7 6. Nf3 Qe7 7. Bf4 O-O-O 8.
Qd2 Qf7 9. h4 Bb4 10. a3 Bxc3 11. Qxc3 Nge7 12. h5 Rhf8 13. Qd2 Nxe5 14.
dxe5 Bxb5 15. exf6 Nc6 16. fxg7 Qxg7 17. O-O-O Qxg2 18. Ne5 Nxe5 19. Bxe5
Rxf2 20. Qc3 Qg5+ 21. Kb1 Rf7 22. h6 Bc6 23. Qd4 b6 24. Rdg1 Qe7 25. Rg7
Rdf8 26. Qd3 d4 27. Rd1 Bd5 28. Qxh7 Qe8 29. Qg6 d3 30. cxd3 c5 31. Rxf7
1-0

[Event "14th HZ Open"]
[Site "Vlissingen NED"]
[Date "2010.08.10"]
[Round "5"]
[White "Van Veen,O"]
[Black "Bezemer,A"]
[Result "1/2-1/2"]
[WhiteElo "2199"]
[BlackElo "2322"]
[EventDate "2010.08.07"]

1. e4 c5 2. c3 d6 3. d4 Nf6 4. Bd3 g6 5. Nf3 Bg7 6. O-O O-O 7. dxc5 dxc5 8.
Qe2 Qc7 9. a4 Nc6 10. Na3 Bg4 11. h3 Bxf3 12. Qxf3 Ne5 13. Qe2 Nxd3 14.
Qxd3 Qc6 15. Qb5 Qxe4 16. Qxc5 e6 17. Qc4 Qxc4 18. Nxc4 Rfd8 19. Bg5 Rd5
20. Bxf6 Bxf6 21. Rfd1 Rad8 22. Ne3 Rd2 23. Rxd2 Rxd2 24. Nc4 Rd7 25. Kf1
Kf8 26. Ke2 Ke7 27. Rd1 Rc7 28. Nd6 a6 29. Ne4 Be5 30. Kd3 f5 31. Nd2 Bf6
32. Nc4 h5 33. Re1 Rc5 34. b4 Rd5+ 35. Kc2 Rd8 36. a5 g5 37. f3 h4 1/2-1/2

[Event "14th HZ Open"]
[Site "Vlissingen NED"]
[Date "2010.08.10"]
[Round "5"]
[White "Van Eijk,S"]
[Black "Foo,Be"]
[Result "1-0"]
[WhiteElo "2322"]
[BlackElo "2112"]
[EventDate "2010.08.07"]

1. e4 c5 2. Nf3 d6 3. d4 cxd4 4. Nxd4 Nf6 5. Nc3 a6 6. Bc4 e6 7. O-O Be7 8.
Bb3 b5 9. Qf3 Qb6 10. Bg5 Qb7 11. Rfe1 Nbd7 12. Rad1 O-O 13. a3 Ne5 14. Qe2
h6 15. Bh4 Ng6 16. Bg3 Qb6 17. Kh1 Re8 18. f4 e5 19. f5 Nf8 20. Nf3 N8d7
21. Bh4 Bb7 22. Nd2 Nc5 23. Bxf6 Bxf6 24. Bd5 Bxd5 25. Nxd5 Qd8 26. c4 Bg5
27. b4 Bxd2 28. Rxd2 Nb3 29. Rd3 bxc4 30. Rg3 Kh7 31. f6 g6 32. Qxc4 Nd4
33. Nc7 Rf8 34. Nxa8 Qxa8 35. Qc7 Nb5 36. Qe7 Qc8 37. a4 Nd4 38. Qxd6 Qb8
39. Qc5 Rc8 40. Qd5 Ne6 41. Qb3 Qb7 42. Rc3 Nd4 43. Qb2 Rb8 44. Qa2 Ne6 45.
Rc4 Qd7 46. Rec1 Rd8 47. h3 g5 48. Rc6 Kg6 49. b5 axb5 50. axb5 h5 51. b6
g4 52. Qd5 gxh3 53. gxh3 Qxd5 54. exd5 Rxd5 55. Rb1 Nd4 56. Rcc1 Ne2 57.
Rc4 Rd2 58. b7 Ng3+ 59. Kg1 Ne2+ 60. Kf1 Ng3+ 61. Ke1 Rh2 62. b8=Q 1-0

[Event "14th HZ Open"]
[Site "Vlissingen NED"]
[Date "2010.08.10"]
[Round "5"]
[White "Rosmuller,A"]
[Black "Freeke,M"]
[Result "1/2-1/2"]
[WhiteElo "2117"]
[BlackElo "2315"]
[EventDate "2010.08.07"]

1. d4 Nf6 2. c4 e6 3. Nf3 b6 4. g3 Ba6 5. Qc2 Bb4+ 6. Bd2 Be7 7. Bg2 O-O 8.
O-O c6 9. Rd1 d5 10. b3 Nbd7 11. Bg5 h6 12. Bxf6 Bxf6 13. cxd5 cxd5 14. Nc3
Be7 15. Qb2 Bb4 16. Rdc1 Qe7 17. a3 Bd6 18. e4 dxe4 19. Nxe4 Rac8 20. Nxd6
Qxd6 21. Ne5 Nf6 22. b4 Nd5 23. b5 Bb7 24. Nc4 Qe7 25. Ne5 Qd6 26. Nc4 Qb8
27. Ne5 Rcd8 28. Rc2 Ne7 29. Bxb7 Qxb7 30. Rac1 Qe4 31. Rc4 Nf5 32. Nc6 Rd7
33. Qb4 f6 34. Qb2 h5 35. Qc2 Qd5 36. a4 h4 37. Qe2 g5 38. g4 h3 39. f3 Nh4
40. R1c3 Ng6 41. Re3 Nf4 42. Qc2 Kg7 43. Re4 Rc7 44. Rc3 Rfc8 45. Qd2 Qd6
46. Rc2 Qa3 47. Rxf4 gxf4 48. Qxf4 Qd3 49. Rd2 Qb1+ 50. Kf2 Qh1 51. Qg3 Qc1
52. Re2 a6 53. g5 Qxg5 54. Qxg5+ fxg5 55. Rxe6 axb5 56. axb5 Rd7 57. Kg3
Rf8 58. Re5 Kf6 59. Re3 1/2-1/2

[Event "14th HZ Open"]
[Site "Vlissingen NED"]
[Date "2010.08.10"]
[Round "5"]
[White "Afek,Y"]
[Black "Van Overdam,Ju"]
[Result "1-0"]
[WhiteElo "2310"]
[BlackElo "2102"]
[EventDate "2010.08.07"]

1. e4 c5 2. c3 g6 3. d4 cxd4 4. cxd4 d5 5. exd5 Nf6 6. Bb5+ Nbd7 7. Nc3 Bg7
8. d6 exd6 9. Qe2+ Kf8 10. Nf3 h6 11. O-O Nb6 12. b3 Kg8 13. Ba3 Be6 14.
Rfe1 Kh7 15. Ne4 Nxe4 16. Qxe4 a6 17. Be2 Re8 18. Qf4 Bf8 19. Bd3 Nd5 20.
Qg3 Rc8 21. Be4 Qd7 22. Nh4 Kh8 23. Bb2 Bg7 24. Rad1 b5 25. h3 Nf6 26. Bb1
Bd5 27. Ba3 Rxe1+ 28. Rxe1 Re8 29. Re3 Rc8 30. Bd3 Nh5 31. Nxg6+ fxg6 32.
Qxg6 Nf6 33. Bf5 Qc7 34. Bxc8 Qxc8 35. Re7 Qg8 36. Bxd6 Qh7 37. Qxh7+ Kxh7
38. Be5 Kg6 39. Ra7 1-0

[Event "14th HZ Open"]
[Site "Vlissingen NED"]
[Date "2010.08.10"]
[Round "5"]
[White "Van de Groep,W"]
[Black "Heltzel,J"]
[Result "1/2-1/2"]
[WhiteElo "1970"]
[BlackElo "2250"]
[EventDate "2010.08.07"]

1. e4 c5 2. Nc3 g6 3. d3 Nc6 4. g3 Bg7 5. Bg2 d6 6. Be3 Nf6 7. h3 O-O 8.
Qd2 Nd4 9. Nce2 e5 10. c3 Nxe2 11. Nxe2 d5 12. Bxc5 Re8 13. Be3 Be6 14. O-O
Qd7 15. Kh2 Rad8 16. Rfd1 Qc6 17. f3 b6 18. Qe1 h6 19. Qf2 1/2-1/2

[Event "14th HZ Open"]
[Site "Vlissingen NED"]
[Date "2010.08.10"]
[Round "5"]
[White "Hoolt,S"]
[Black "Willemsma,A"]
[Result "1/2-1/2"]
[WhiteElo "2245"]
[BlackElo "2075"]
[EventDate "2010.08.07"]

1. e4 Nf6 2. e5 Nd5 3. Nc3 e6 4. Nf3 Be7 5. d4 Nxc3 6. bxc3 d5 7. exd6 cxd6
8. c4 O-O 9. Bd3 e5 10. O-O f5 11. c5 e4 12. cxd6 Qxd6 13. Bc4+ Be6 14. Ba3
Qxa3 15. Bxe6+ Kh8 16. Ne5 g6 17. Qd2 Kg7 18. Rab1 Qd6 19. Bc4 Nd7 20. f4
exf3 21. Nxf3 b6 22. Rfe1 Bf6 23. Re6 Qc7 24. Bd5 Rad8 25. c4 h6 26. Rbe1
g5 27. g3 b5 28. Rc6 Qb8 29. Qb4 Rfe8 30. Rce6 Rxe6 31. Bxe6 Qb6 32. c5 Qc6
33. Qb3 g4 34. Bd5 Nxc5 35. Bxc6 Nxb3 36. axb3 gxf3 37. d5 Bd4+ 38. Kh1 Rd6
39. Rd1 Bb6 40. Bxb5 f4 41. g4 Kf6 42. h4 Ke5 43. Bc6 Be3 44. Be8 Ke4 45.
g5 hxg5 46. hxg5 Ra6 47. d6 Ra2 48. Bc6+ Kf5 49. d7 1/2-1/2